| 000 | 00367 a2200169 4500 | ||
|---|---|---|---|
| 001 | 195221 | ||
| 020 | _a978-85-08-12776-4 | ||
| 040 | _cMagnum | ||
| 100 | _aPrieto, Heloisa | ||
| 240 | 1 | 0 |
_aA língua do contrário _lpor |
| 245 | 1 | 0 | _aA língua do contrário |
| 300 | _a32 | ||
| 362 | 0 | _a2010 | |
| 440 | 1 | _aÁtica | |
| 697 | _aLITERATURA INFANTO | ||
| 942 | _cBK | ||
| 999 |
_c195221 _d195221 |
||